| 000 | 00756nam a2200217Ia 4500 | ||
|---|---|---|---|
| 003 | GCL | ||
| 008 | 140319s9999 xx 000 0 ara d | ||
| 040 |
_aGCL / _cGCL |
||
| 082 | 0 | 4 |
_a509 _bح ع |
| 100 | 1 | _aحسان حلاق | |
| 245 | 1 | 0 |
_aالعلوم عند العرب: اصولها وملامحها الحضارية / _cحسان حلاق |
| 700 | 1 | _aحربى عباس عطيتو محمود | |
| 300 | _a496 ص | ||
| 490 |
_aالهيئة العامة للاستعلامات _v0 |
||
| 650 | 0 | 4 | _aالحضارة العربية الاسلامية - المعارف البحرية |
| 650 | 0 | 4 | _aالعلوم |
| 650 | 0 | 4 | _aالعلوم عند العرب |
| 650 | 0 | 4 | _aالعلماء العرب |
| 650 | 0 | 4 | _aتاريخ العلوم |
| 942 |
_2ddc _cBK |
||
| 999 |
_c49374 _d49374 |
||